000 01433nam a22003857a 4500
003 CHAP
005 20220329143622.0
008 101014s2009 mx r 00010 spa d
010 _a99426
011 _a100398
020 _a9786077761013
035 _a111084
040 _cCHAP
082 1 4 _a361.37
_bG93
100 1 _aGuadarrama Sánchez, Gloria.
_950940
245 1 0 _aTrabajo voluntario y trabajo informal en el sector solidario:
_bel empleo en las instituciones Mexiquenses de asistencia privada
_c/por Gloria Guadarrama y Cristina Girardo
260 _aZinacantepec, Edo. de Méx.. :
_bEl Colegio Mexiquense,
_c2009
300 _a55 p. :
_bilus., cuadros, gráfs.
490 _aAvances de investigación
_v; 5
590 _aBATCH-UPD
_b10
_c20130110
_lUCH01
_h1658
590 _aBATCH-UPD
_b10
_c20130410
_lUCH01
_h1046
590 _aBATCH-UPD
_b10
_c20130914
_lUCH01
_h0431
590 _aCONVERSION
_b10
_c20130109
_lUCH01
_h1355
650 1 4 _aEmpleo
_xMéxico (Edo.)
_936568
650 1 4 _aInstituciones sociales.
_958980
650 1 4 _aMéxico (Edo.)
_xCondiciones económicas.
_976824
650 1 4 _aParticipación ciudadana
_985800
650 1 4 _aTrabajo social.
_9114502
650 1 4 _aTrabajos, Métodos de.
_9114564
700 1 _aGirardo, Cristina
_948125
830 0 _aAvances de investigación
_v; 5
_98476
901 _aBK
942 _cLIBRO
949 _a361.37 G93
_bBC
_cLIBRO
_d33724002214371
_eLIBRO
_h113609
_i111084
_sb
999 _c99426
_d99426